000 00627nam a2200229 i 4500
001 147021
003 ES-MaACL
005 20230906201754.0
007 t|
008 070920s1959 sp ||||1| spa d
080 _a621.396.216
100 1 _aDarkness, R. J.
_942731
245 1 0 _aFrecuencia modulada /
_cR.J. de Darkness [seud.].
250 _a1ª ed.
260 _aBarcelona :
_bBruguera,
_c1959.
300 _a223 p. ;
_c19 cm.
490 1 _aTécnica al día
650 1 4 _aModulación de frecuencia.
_915135
830 0 _aTécnica al día
_9187437
852 _aES-MaACL
_jC-16314
_bR.44217
999 _c147021
_d147021